[Event "Titled Tue 3rd Jun Early"]
[Site "chess.com INT"]
[Date "2025.06.03"]
[Round "3"]
[White "Skiadopoulos, Nikolaos"]
[Black "Terlouw, Wouter"]
[Result "0-1"]
[WhiteTitle "CM"]
[BlackTitle "CM"]
[WhiteElo "1882"]
[BlackElo "2227"]
[WhiteFideId "4200772"]
[BlackFideId "1087401"]
[EventDate "2025.06.03"]

1. e4 c5 2. Nf3 Nc6 3. c3 d5 4. exd5 Qxd5 5. d4 cxd4 6. cxd4 Bg4 7. Be2 e6 8.
Nc3 Bb4 9. O-O Bxc3 10. bxc3 Nf6 11. c4 Qh5 12. h3 Bxh3 13. gxh3 Qxh3 14. Ng5
Qh4 15. d5 h6 16. Nf3 Qg4+ 17. Kh1 exd5 18. cxd5 O-O-O 19. Nh2 Qh4 20. Bf3 Ne5
21. Bg2 Neg4 22. Bf4 Nxf2+ 23. Rxf2 Qxf2 24. Qc1+ Kd7 25. Qc7+ Ke8 26. Bd6 Rd7
27. Qc8+ Rd8 28. Qc7 Nd7 29. Bg3 Qb6 30. Re1+ Kf8 31. Bd6+ Kg8 32. Bh3 Nf6 33.
Qxb6 axb6 34. Be7 Rxd5 35. Bxf6 gxf6 0-1

[Event "Titled Tue 3rd Jun Early"]
[Site "chess.com INT"]
[Date "2025.06.03"]
[Round "3"]
[White "Dambaev, Dashi"]
[Black "Garcia Correa, Jose Ricardo"]
[Result "0-1"]
[WhiteTitle "CM"]
[BlackTitle "FM"]
[WhiteElo "2211"]
[BlackElo "2103"]
[WhiteFideId "55628494"]
[BlackFideId "5101832"]
[EventDate "2025.06.03"]

1. d4 Nf6 2. c4 e6 3. Nf3 c5 4. d5 b5 5. dxe6 fxe6 6. cxb5 d5 7. Nc3 Bb7 8. e4
d4 9. Nb1 Nxe4 10. Bd3 Nd6 11. Ne5 Qf6 12. Ng4 Qh4 13. Qe2 Bd5 14. Nd2 Nd7 15.
Ne5 Nxe5 16. Qxe5 O-O-O 17. O-O Qf6 18. Qe2 h5 19. b3 h4 20. h3 e5 21. Re1 Re8
22. Ba3 e4 23. Bc4 Nxc4 24. bxc4 Bb7 25. Qg4+ Qe6 26. Qxe6+ Rxe6 27. Re2 Rh5 28.
Nb3 g6 29. Nxd4 cxd4 30. Bxf8 d3 31. Re3 Rf5 32. Bb4 Ref6 33. Rf1 Rf7 34. c5 Bd5
35. a4 g5 36. c6 Kc7 37. Ba5+ Kb8 38. Bd8 Bb3 39. Ba5 Re5 40. Bc3 Re6 41. a5 Ba4
42. b6 Bxc6 43. bxa7+ Kxa7 44. Bd4+ Ka6 45. Rb1 Bb5 46. Bb6 Rd7 47. Bc5 d2 0-1

[Event "Titled Tue 3rd Jun Early"]
[Site "chess.com INT"]
[Date "2025.06.03"]
[Round "3"]
[White "Fiskaaen, Martin Holten"]
[Black "Kovalchuk, Alexey"]
[Result "1-0"]
[WhiteTitle "FM"]
[BlackTitle "FM"]
[WhiteElo "2292"]
[BlackElo "2304"]
[WhiteFideId "1550233"]
[BlackFideId "24154385"]
[EventDate "2025.06.03"]

1. Nf3 d5 2. d4 e6 3. Bf4 Bd6 4. e3 c5 5. dxc5 Bxc5 6. c4 Nf6 7. Nc3 O-O 8. cxd5
exd5 9. Be2 Nc6 10. Nb5 Bb4+ 11. Kf1 Bg4 12. h3 Bh5 13. g4 Bg6 14. Ne5 Nxe5 15.
Bxe5 Ne4 16. Nc3 Bxc3 17. bxc3 f5 18. f3 fxg4 19. hxg4 Rc8 20. Rc1 Rc5 21. Kg2
Ng5 22. c4 Qe7 23. Bf4 Ne6 24. Bg3 Rd8 25. cxd5 Rcxd5 26. Qe1 Rd2 27. Rd1 Qb4
28. Rxd2 Rxd2 29. Bf2 Qb2 30. Bc4 Bf7 31. Rf1 Ng5 32. Bxf7+ Nxf7 33. Kg1 h6 34.
Qc1 Ng5 35. Qc8+ Kh7 36. Qf5+ Kg8 37. Rb1 Qc3 38. Rxb7 Nh3+ 39. Kg2 Rxf2+ 40.
Kg3 1-0

[Event "Titled Tue 3rd Jun Early"]
[Site "chess.com INT"]
[Date "2025.06.03"]
[Round "3"]
[White "Hobaica, Juan Pablo"]
[Black "Triapishko, Alexandr"]
[Result "0-1"]
[WhiteTitle "IM"]
[BlackTitle "IM"]
[WhiteElo "2412"]
[BlackElo "2459"]
[WhiteFideId "104159"]
[BlackFideId "14122286"]
[EventDate "2025.06.03"]

1. e4 e6 2. d4 d5 3. Nd2 c5 4. Ngf3 Nc6 5. Bb5 cxd4 6. O-O dxe4 7. Nxe4 Bd7 8.
Bg5 Qb6 9. Qe2 h6 10. Bh4 a6 11. Bd3 Be7 12. Bxe7 Kxe7 13. Ng3 Nf6 14. Nd2 Rhd8
15. Nc4 Qc7 16. f4 Kf8 17. Ne5 Kg8 18. Nh5 Nxh5 19. Qxh5 Be8 20. Ng4 f5 21.
Nxh6+ gxh6 22. Qxh6 Qg7 23. Qxe6+ Qf7 24. Qh6 Qg7 25. Qh4 Rd6 26. Bxf5 Rh6 27.
Qf2 Bf7 28. Rae1 Kh8 29. g4 Qf6 30. g5 Qxf5 31. gxh6 Rg8+ 0-1

[Event "Titled Tue 3rd Jun Early"]
[Site "chess.com INT"]
[Date "2025.06.03"]
[Round "3"]
[White "Pribelszky, Bence"]
[Black "Kovalev, Vladislav"]
[Result "1-0"]
[WhiteTitle "IM"]
[BlackTitle "GM"]
[WhiteElo "2400"]
[BlackElo "2557"]
[WhiteFideId "769738"]
[BlackFideId "13504398"]
[EventDate "2025.06.03"]

1. e4 e5 2. Nf3 Nc6 3. Nc3 Nf6 4. Bb5 Bc5 5. O-O O-O 6. Nxe5 Nxe5 7. d4 Bd6 8.
dxe5 Bxe5 9. Bd3 Re8 10. Re1 d6 11. Bg5 h6 12. Bh4 c6 13. Qd2 Bxh2+ 14. Kxh2
Ng4+ 15. Kg3 g5 16. Rh1 Qf6 17. f4 gxh4+ 18. Rxh4 Qg7 19. Kf3 f5 20. Re1 Qf6 21.
g3 Ne5+ 22. Kg2 Nxd3 23. cxd3 Bd7 24. Reh1 Kg7 25. Rxh6 Qxh6 26. Rxh6 Kxh6 27.
g4 fxe4 28. f5+ Kh7 29. Nxe4 Rf8 30. Qg5 Bxf5 31. Qh5+ Kg7 32. gxf5 d5 33. Qg6+
Kh8 34. Ng5 1-0

[Event "Titled Tue 3rd Jun Early"]
[Site "chess.com INT"]
[Date "2025.06.03"]
[Round "3"]
[White "Deboushnik De"]
[Black "Kazakov, Mikhail"]
[Result "1-0"]
[WhiteTitle "CM"]
[BlackTitle "GM"]
[WhiteElo "2207"]
[BlackElo "2513"]
[WhiteFideId "25768778"]
[BlackFideId "14102749"]
[EventDate "2025.06.03"]

1. e4 d6 2. d4 Nf6 3. Nc3 g6 4. f4 Bg7 5. Nf3 O-O 6. Bd3 Nc6 7. e5 dxe5 8. fxe5
Nh5 9. Be3 f6 10. exf6 exf6 11. Qd2 Kh8 12. O-O-O f5 13. Bg5 Qd6 14. Nb5 Qd5 15.
Nc3 Qa5 16. Bc4 Qb4 17. Bb3 Na5 18. Bh6 Nxb3+ 19. axb3 Qa5 20. Kb1 Be6 21. Bxg7+
Nxg7 22. d5 Rad8 23. Qh6 Bg8 24. Ne5 Rf6 25. Qh4 Ra6 26. Qa4 Qxa4 27. bxa4 Re8
28. Rhe1 h6 29. b3 Kh7 30. Nb5 Re7 31. Nxg6 Rxe1 32. Nf8+ Kh8 33. Rxe1 c6 34.
Nc7 Ra5 35. d6 1-0

[Event "Titled Tue 3rd Jun Early"]
[Site "chess.com INT"]
[Date "2025.06.03"]
[Round "3"]
[White "Slovineanu, Viacheslav"]
[Black "Rojas Alarcon, Julian Antonio"]
[Result "0-1"]
[WhiteTitle "IM"]
[BlackTitle "FM"]
[WhiteElo "2412"]
[BlackElo "2365"]
[WhiteFideId "13900510"]
[BlackFideId "5107407"]
[EventDate "2025.06.03"]

1. d4 Nf6 2. Nf3 g6 3. Nbd2 d5 4. e3 Bg7 5. b4 O-O 6. c4 dxc4 7. Bxc4 b6 8. Bb2
Bb7 9. O-O Nbd7 10. a4 c5 11. dxc5 bxc5 12. b5 Qc7 13. a5 Rad8 14. Qc2 Ba8 15.
h3 e5 16. Rfd1 h6 17. Qxg6 e4 18. Nh4 Kh8 19. Bxf7 Ne5 20. Bxe5 Qxe5 21. Bc4
Rxd2 22. Nf5 Ne8 23. Nxh6 Qd6 24. Qxd6 Nxd6 25. Rxd2 Nxc4 26. Rd7 Bxh6 27. Rxa7
Bg7 28. Rc1 Bd5 0-1

[Event "Titled Tue 3rd Jun Early"]
[Site "chess.com INT"]
[Date "2025.06.03"]
[Round "3"]
[White "Levitan, Caleb Levi"]
[Black "Nguyen, Ngoc Truong Son"]
[Result "0-1"]
[WhiteTitle "FM"]
[BlackTitle "GM"]
[WhiteElo "2333"]
[BlackElo "2632"]
[WhiteFideId "14332620"]
[BlackFideId "12401110"]
[EventDate "2025.06.03"]

1. e4 e5 2. Nf3 Nc6 3. Bb5 Nf6 4. O-O Nxe4 5. Re1 Nd6 6. Ba4 Be7 7. d4 e4 8. Ne5
O-O 9. Nc3 Bf6 10. Nxe4 Nxe4 11. Rxe4 d5 12. Nxc6 bxc6 13. Re1 Qd6 14. c3 Bf5
15. Bc2 Bg6 16. Bxg6 hxg6 17. Qf3 c5 18. Bf4 Qb6 19. dxc5 Qxc5 20. Rad1 c6 21.
Re2 Qc4 22. a3 Rfe8 23. Rde1 Rxe2 24. Rxe2 g5 25. Bd2 g4 26. Qe3 Rb8 27. g3 Rxb2
28. Qe8+ Kh7 29. Kg2 d4 30. cxd4 Qd5+ 31. Kg1 Bxd4 32. Be1 Rxe2 33. Qxe2 f5 34.
Bd2 c5 35. h3 Qe4 36. Qxe4 fxe4 37. hxg4 Bb2 38. a4 c4 39. Kf1 c3 40. Be3 c2 41.
Ke2 c1=Q 42. Bxc1 Bxc1 43. Kd1 Ba3 44. Kc2 Bc5 45. Kc3 Bxf2 0-1

[Event "Titled Tue 3rd Jun Early"]
[Site "chess.com INT"]
[Date "2025.06.03"]
[Round "3"]
[White "Burmakin, Evgeniy"]
[Black "Florescu, Codrut-Constantin"]
[Result "0-1"]
[WhiteTitle "FM"]
[BlackTitle "IM"]
[WhiteElo "2110"]
[BlackElo "2193"]
[WhiteFideId "4163729"]
[BlackFideId "1202200"]
[EventDate "2025.06.03"]

1. e4 c5 2. Nf3 Nc6 3. Bb5 e6 4. O-O Nge7 5. Re1 a6 6. Bf1 g6 7. d4 cxd4 8. Nxd4
Bg7 9. Nxc6 Nxc6 10. Nc3 O-O 11. Bf4 e5 12. Be3 d6 13. a4 Be6 14. Nd5 Rc8 15.
Bb6 Qd7 16. c3 Ne7 17. Nxe7+ Qxe7 18. Qd2 f5 19. Rad1 Rc6 20. a5 f4 21. b4 Rfc8
22. Rc1 g5 23. b5 axb5 24. Bxb5 g4 25. Bxc6 Rxc6 26. Qd3 Bc4 27. Qd2 h5 28. Rb1
Bh6 29. Rb4 Kg7 30. Qc2 h4 31. Qa4 Ba6 32. c4 f3 33. Qc2 fxg2 34. Rd1 Bf4 35.
Be3 Bxe3 36. fxe3 h3 37. Qf2 Qf6 38. Qxf6+ Kxf6 39. Kf2 Ke6 0-1

[Event "Titled Tue 3rd Jun Early"]
[Site "chess.com INT"]
[Date "2025.06.03"]
[Round "3"]
[White "Coe, William"]
[Black "Vafin, Ayrat"]
[Result "0-1"]
[BlackTitle "FM"]
[WhiteElo "2078"]
[BlackElo "2302"]
[WhiteFideId "30913624"]
[BlackFideId "4146530"]
[EventDate "2025.06.03"]

1. e4 e5 2. Nf3 Nf6 3. Nxe5 d6 4. Nf3 Nxe4 5. d4 d5 6. Bd3 Be7 7. O-O Nc6 8. c4
Nb4 9. cxd5 Nxd3 10. Qxd3 Qxd5 11. Nc3 Nxc3 12. bxc3 Be6 13. Re1 O-O 14. Bf4 Bd6
15. Bxd6 cxd6 16. Re3 Bf5 17. Qe2 Rac8 18. Re1 h6 19. h3 Be6 20. Ra1 Rc6 21. Qd2
Rfc8 22. Ne1 Qa5 23. d5 Bxd5 24. Rd3 Be6 25. Rxd6 Rxd6 26. Qxd6 Qxc3 27. Rd1
Bxa2 28. Nf3 Be6 29. Rb1 Qc7 30. Qd4 b6 31. Ra1 Rd8 32. Qa4 a5 33. Qb5 Bc4 34.
Qb2 b5 35. Ne5 a4 36. Nxc4 Qxc4 37. Rb1 Rb8 38. Rc1 Qe6 39. Qb4 Qa6 40. Rc7 a3
41. Qb3 Rf8 42. Rc2 Qa5 43. Rc5 a2 0-1

[Event "Titled Tue 3rd Jun Early"]
[Site "chess.com INT"]
[Date "2025.06.03"]
[Round "3"]
[White "Bilochenko, Matvii"]
[Black "Mihajlovskij, Sergei"]
[Result "1/2-1/2"]
[WhiteTitle "CM"]
[WhiteElo "2027"]
[BlackElo "2292"]
[WhiteFideId "41834062"]
[BlackFideId "13500805"]
[EventDate "2025.06.03"]

1. e4 d5 2. exd5 Qxd5 3. Nc3 Qe5+ 4. Be2 Bg4 5. d4 Bxe2 6. Ngxe2 Qa5 7. O-O Nf6
8. b4 Qh5 9. Ng3 Qxd1 10. Rxd1 e6 11. Rb1 Nbd7 12. Nce4 Nxe4 13. Nxe4 Nb6 14.
Nc5 O-O-O 15. c3 e5 16. Be3 Bd6 17. Rbc1 Nc4 18. Ne4 a6 19. d5 h6 20. Nd2 b5 21.
Nxc4 bxc4 22. Rd2 f5 23. f3 Kb7 24. a4 g5 25. Ra1 Ra8 26. Bc5 Rhd8 27. Bxd6 Rxd6
28. Re1 Re8 29. g4 fxg4 30. fxg4 c6 31. dxc6+ Kxc6 32. Rxd6+ Kxd6 33. Kf2 Rf8+
34. Ke3 Rf4 35. h3 Kd5 36. Rd1+ Ke6 37. b5 axb5 38. axb5 Rf7 39. b6 Rb7 40. Rb1
Kd5 41. Kf3 Rf7+ 42. Ke3 Rb7 43. Rb5+ Kc6 44. Rxe5 Kxb6 45. Re6+ Kb5 46. Rxh6
Ka4 47. Rd6 Kb3 48. Kd4 Rh7 49. Rb6+ Kc2 50. Kxc4 Rxh3 51. Rg6 Rxc3+ 52. Kd4 Rg3
53. Rxg5 Kd2 54. Ke4 Ke2 55. Kf4 Rf3+ 56. Ke4 Rg3 57. Kf4 Rf3+ 58. Ke4 Rg3 1/2-1/2

[Event "Titled Tue 3rd Jun Early"]
[Site "chess.com INT"]
[Date "2025.06.03"]
[Round "3"]
[White "Fernandez Siles, Luis"]
[Black "Stefanov, Plamen"]
[Result "1-0"]
[WhiteTitle "FM"]
[WhiteElo "2170"]
[BlackElo "1982"]
[WhiteFideId "2209420"]
[BlackFideId "2900980"]
[EventDate "2025.06.03"]

1. e4 d5 2. Nc3 d4 3. Nce2 c5 4. Ng3 Nc6 5. Nf3 Bg4 6. Bc4 e6 7. h3 Bxf3 8. Qxf3
Nf6 9. e5 Nxe5 10. Bb5+ Ned7 11. Qxb7 Be7 12. O-O O-O 13. Qf3 Rb8 14. Ba4 Nb6
15. Bc6 Qc7 16. d3 Rfc8 17. Be4 Nbd5 18. Bxd5 Nxd5 19. Nh5 g6 20. Nf4 Nxf4 21.
Bxf4 e5 22. Bh6 Rxb2 23. Rab1 Rxb1 24. Rxb1 Rb8 25. Rxb8+ Qxb8 26. Qc6 Bf8 27.
Bg5 Qb1+ 28. Kh2 Qxc2 29. Qe8 Qxf2 30. Bh6 Qf4+ 31. Bxf4 exf4 32. Qb8 g5 33.
Qxa7 h5 34. Qb8 f5 35. a4 g4 36. hxg4 hxg4 37. Qxf4 Kg7 38. Qg5+ Kh8 39. Qxf5
Bd6+ 40. Kg1 Bh2+ 41. Kxh2 g3+ 42. Kxg3 c4 43. dxc4 d3 44. Qxd3 Kg7 45. Qd6 Kf7
46. c5 Kg7 47. c6 Kf7 48. c7 Kg7 49. c8=R Kf7 50. Rc7+ Kg8 51. Qd8# 1-0

[Event "Titled Tue 3rd Jun Early"]
[Site "chess.com INT"]
[Date "2025.06.03"]
[Round "3"]
[White "Nguyen Quang Anh"]
[Black "Terry, Renato"]
[Result "0-1"]
[WhiteTitle "CM"]
[BlackTitle "IM"]
[WhiteElo "2052"]
[BlackElo "2508"]
[WhiteFideId "12432377"]
[BlackFideId "3803457"]
[EventDate "2025.06.03"]

1. d4 e6 2. c4 Bb4+ 3. Nc3 f5 4. Qc2 Nf6 5. Nf3 O-O 6. g3 d6 7. Bg2 Ne4 8. Bd2
Bxc3 9. Bxc3 Nd7 10. O-O Qe7 11. Rad1 Ndf6 12. a3 a5 13. Nd2 Nxc3 14. Qxc3 e5
15. dxe5 dxe5 16. Nf3 Re8 17. c5 Ne4 18. Qb3+ Kh8 19. c6 bxc6 20. Nd2 Nc5 21.
Qc2 e4 22. b4 axb4 23. axb4 Ne6 24. Qxc6 Ba6 25. b5 Nd4 26. Qd5 Nxe2+ 27. Kh1
Nc3 28. Qxf5 Bxb5 29. Bxe4 g6 30. Qf4 Bxf1 31. Re1 Bd3 32. f3 Nxe4 33. fxe4 Qe5
34. Qf7 Rf8 35. Qb3 Rad8 36. Kg2 c5 37. Qb7 Qd4 38. Nf3 Qf6 39. Re3 Rf7 40. Qb3
c4 41. Qb5 Bxe4 42. Qxc4 Bxf3+ 43. Kh3 Qf5+ 44. g4 Qxg4+ 45. Qxg4 Bxg4+ 46. Kxg4
Kg7 47. Kg5 Rd4 48. Re4 Rxe4 49. h4 0-1

[Event "Titled Tue 3rd Jun Early"]
[Site "chess.com INT"]
[Date "2025.06.03"]
[Round "3"]
[White "Kezin, Roman"]
[Black "Zienkiewicz, Jan"]
[Result "1-0"]
[WhiteTitle "IM"]
[BlackTitle "FM"]
[WhiteElo "2471"]
[BlackElo "2362"]
[WhiteFideId "24124621"]
[BlackFideId "45116768"]
[EventDate "2025.06.03"]

1. d4 Nf6 2. c4 c6 3. Nf3 d5 4. g3 Bf5 5. Nc3 e6 6. Qb3 Qc8 7. Nh4 Bg6 8. Nxg6
hxg6 9. Bg2 Nbd7 10. O-O Bd6 11. e4 dxe4 12. Nxe4 Nxe4 13. Bxe4 e5 14. c5 Be7
15. Re1 exd4 16. Bf4 Nxc5 17. Qc2 Ne6 18. Be5 O-O 19. h4 f5 20. Bd3 Nc5 21. Bxg7
Nxd3 22. Rxe7 Rf7 23. Rxf7 Kxf7 24. Bxd4 Nb4 25. Qc4+ Nd5 26. Re1 Qd7 27. Bc3
Re8 28. Rd1 Qe6 29. Qd4 Nxc3 30. Qxc3 Re7 31. a3 Rd7 32. Re1 Qf6 33. Qb3+ Kg7
34. Re6 Qf7 35. Qc3+ Kh7 36. Qe3 a6 37. h5 gxh5 38. Qh6+ Kg8 39. Rg6+ Qxg6 40.
Qxg6+ 1-0

[Event "Titled Tue 3rd Jun Early"]
[Site "chess.com INT"]
[Date "2025.06.03"]
[Round "3"]
[White "Soham, Kamotra"]
[Black "Shankland, Sam"]
[Result "0-1"]
[WhiteTitle "IM"]
[BlackTitle "GM"]
[WhiteElo "2407"]
[BlackElo "2666"]
[WhiteFideId "46647490"]
[BlackFideId "2004887"]
[EventDate "2025.06.03"]

1. Nf3 d5 2. e3 Nf6 3. b3 Bf5 4. Bb2 e6 5. Be2 Bd6 6. O-O O-O 7. Nh4 Bg6 8. Nxg6
hxg6 9. d3 Nbd7 10. Nd2 c6 11. h3 Qe7 12. a4 Rfd8 13. g3 a5 14. Bf3 Be5 15. d4
Bc7 16. Bg2 e5 17. Re1 e4 18. c4 Bd6 19. Qe2 Nf8 20. Rec1 Ne6 21. cxd5 cxd5 22.
Rc2 Nh5 23. Rac1 f6 24. Qb5 f5 25. Bc3 Nc7 26. Qe2 Nf6 27. Nb1 g5 28. Bd2 g6 29.
Nc3 g4 30. h4 Ba3 31. Rb1 Bb4 32. Nb5 Nxb5 33. Qxb5 Bxd2 34. Rxd2 Rdc8 35. Bf1
Qb4 36. Rbb2 Rc3 37. Kg2 Qxb5 38. Bxb5 Ne8 39. Rdc2 Rxc2 40. Rxc2 Nd6 41. Rc5 f4
42. gxf4 Nf5 43. Rxd5 Kg7 44. Rd7+ Kf6 45. Be2 Nxh4+ 46. Kg3 Nf5+ 47. Kxg4 Rh8 0-1

[Event "Titled Tue 3rd Jun Early"]
[Site "chess.com INT"]
[Date "2025.06.03"]
[Round "3"]
[White "Barp, Alberto"]
[Black "Tyukhanov, Alexey"]
[Result "1-0"]
[WhiteTitle "IM"]
[BlackTitle "CM"]
[WhiteElo "2414"]
[BlackElo "2218"]
[WhiteFideId "872555"]
[BlackFideId "24149829"]
[EventDate "2025.06.03"]

1. c4 c6 2. e4 g6 3. Nc3 Bg7 4. d4 d6 5. Be3 Nf6 6. Nf3 O-O 7. h3 Qc7 8. Rc1
Nbd7 9. Be2 e5 10. d5 Nc5 11. Nd2 a5 12. O-O h6 13. b3 Nh7 14. a3 f5 15. f3 Ng5
16. b4 axb4 17. axb4 Na6 18. dxc6 bxc6 19. b5 Nc5 20. bxc6 Qxc6 21. Nd5 Kh8 22.
Nb3 Be6 23. Nxc5 dxc5 24. Qd3 Ra2 25. Rc2 Rfa8 26. Rxa2 Rxa2 27. Rb1 f4 28. Bf2
Bxd5 29. cxd5 Qc8 30. Bf1 Nf7 31. Qc4 Rxf2 32. Kxf2 Nd6 33. Qa4 Bf6 34. Qc6 Bh4+
35. Kg1 Qd8 36. Rb6 Be7 37. Ra6 Kg7 38. Ra8 1-0

[Event "Titled Tue 3rd Jun Early"]
[Site "chess.com INT"]
[Date "2025.06.03"]
[Round "3"]
[White "Belov, Alexei"]
[Black "Manon-og, Ramon Jr."]
[Result "0-1"]
[WhiteTitle "IM"]
[WhiteElo "2421"]
[BlackElo "1913"]
[WhiteFideId "4128206"]
[BlackFideId "5200776"]
[EventDate "2025.06.03"]

1. e4 c5 2. Nf3 d6 3. d4 cxd4 4. Nxd4 Nf6 5. Nc3 a6 6. Be2 e5 7. Nb3 Be7 8. O-O
O-O 9. Kh1 Nc6 10. f4 exf4 11. Bxf4 Ne5 12. Qe1 Be6 13. Rd1 Qc7 14. Qg3 Kh8 15.
Nd4 b5 16. a3 Rab8 17. Bg5 b4 18. axb4 Rxb4 19. Nf5 Bxf5 20. exf5 Rxb2 21. Bxf6
Bxf6 22. Nd5 Qxc2 23. Bxa6 Bh4 24. Rc1 Qxc1 25. Qxh4 Rb1 26. h3 Qb2 27. f6 Rxf1+
28. Bxf1 Ng6 29. fxg7+ Kxg7 30. Qg3 Qe5 31. Qf3 Rc8 32. Ne3 Rc5 33. Bd3 Qf4 34.
Nf5+ Kf6 35. Qxf4 Nxf4 36. Nxd6 Nxd3 37. Ne4+ Ke5 38. Nxc5 Nxc5 39. Kh2 Kf4 40.
Kg1 Kg3 0-1

[Event "Titled Tue 3rd Jun Early"]
[Site "chess.com INT"]
[Date "2025.06.03"]
[Round "3"]
[White "Chaulagain, Purusottam"]
[Black "Daspres, Loic"]
[Result "0-1"]
[WhiteTitle "CM"]
[BlackTitle "CM"]
[WhiteElo "1898"]
[BlackElo "2207"]
[WhiteFideId "12300730"]
[BlackFideId "20612281"]
[EventDate "2025.06.03"]

1. d4 Nf6 2. Nc3 c5 3. d5 d6 4. e4 g6 5. Nf3 Bg7 6. Bc4 O-O 7. O-O Bg4 8. h3
Bxf3 9. Qxf3 a6 10. a4 Nbd7 11. Bf4 Ne5 12. Bxe5 dxe5 13. Rfd1 Ne8 14. b3 Nd6
15. Bd3 Rb8 16. a5 Qc7 17. Qe2 Rfc8 18. Na4 Qxa5 19. c4 Qc7 20. Nc3 Qd7 21. Qd2
Ra8 22. Na4 Qd8 23. Rdc1 h5 24. Rcb1 Kh7 25. Qg5 b5 26. Nc3 Bf6 27. Qe3 Qb6 28.
Ra2 Bg7 29. Rba1 Bh6 30. Qg3 Bf4 31. Qf3 b4 32. Na4 Qc7 33. g3 Bh6 34. Kg2 Kg8
35. g4 hxg4 36. hxg4 Bg5 37. Rh1 Kg7 38. Qg3 Bf4 39. Qf3 Rh8 40. Raa1 f6 41. Bc2
Nf7 42. Nb2 Ng5 43. Qe2 a5 44. Nd3 a4 45. Rxa4 Rxa4 46. bxa4 Rxh1 47. Kxh1 Qb8
48. Bb3 Qh8+ 49. Kg2 Qh2+ 50. Kf1 Qh1# 0-1

[Event "Titled Tue 3rd Jun Early"]
[Site "chess.com INT"]
[Date "2025.06.03"]
[Round "3"]
[White "Jain, Kashish Manoj"]
[Black "Bok, Benjamin"]
[Result "0-1"]
[WhiteTitle "IM"]
[BlackTitle "GM"]
[WhiteElo "2429"]
[BlackElo "2591"]
[WhiteFideId "35081098"]
[BlackFideId "1017063"]
[EventDate "2025.06.03"]

1. e4 c5 2. Nf3 d6 3. d4 cxd4 4. Qxd4 Nf6 5. Nc3 Nc6 6. Bb5 Bd7 7. Bxc6 Bxc6 8.
Bg5 e6 9. O-O-O Be7 10. Bxf6 Bxf6 11. Qxd6 Qxd6 12. Rxd6 Rd8 13. Rxd8+ Kxd8 14.
Rd1+ Kc7 15. Nd4 a6 16. Rd3 Bd7 17. f4 g5 18. e5 Be7 19. g3 Rg8 20. Nce2 h5 21.
Kd2 h4 22. Ke1 gxf4 23. gxf4 Rg2 24. Kf1 Rg8 25. c4 f6 26. exf6 Bxf6 27. b3 e5
28. fxe5 Bxe5 29. Nf3 Rf8 30. Ke1 Bd6 31. Nc3 Bf5 32. Nd5+ Kb8 33. Re3 h3 34.
Ng5 Bc5 35. Rf3 Re8+ 36. Kd2 Bg4 37. Rg3 Re2+ 38. Kd3 Rg2 39. Nf4 Rxg3+ 40. hxg3
h2 0-1

[Event "Titled Tue 3rd Jun Early"]
[Site "chess.com INT"]
[Date "2025.06.03"]
[Round "3"]
[White "Materia, Marco"]
[Black "Khamdamova, Afruza"]
[Result "1-0"]
[WhiteTitle "IM"]
[BlackTitle "WIM"]
[WhiteElo "2489"]
[BlackElo "2344"]
[WhiteFideId "45150451"]
[BlackFideId "14210444"]
[EventDate "2025.06.03"]

1. Nf3 d5 2. b3 c5 3. e3 Nc6 4. Bb2 f6 5. d4 cxd4 6. exd4 Bg4 7. Nbd2 e6 8. Bd3
Bd6 9. O-O Nge7 10. Re1 Qd7 11. Qe2 Nd8 12. Bb5 Nec6 13. c4 O-O 14. c5 Bc7 15.
h3 Bh5 16. b4 Qf7 17. a3 a5 18. Bc3 e5 19. g4 Bg6 20. dxe5 fxe5 21. Bxc6 Nxc6
22. b5 Nd4 23. Bxd4 exd4 24. Qe6 d3 25. Ng5 Qxe6 26. Nxe6 Rf7 27. Rac1 Re8 28.
Nxc7 Rxe1+ 29. Rxe1 Rxc7 30. Rc1 Be8 31. a4 Bg6 32. f4 Be4 33. Kf2 Re7 34. c6
bxc6 35. bxc6 Rc7 36. Ke3 Kf7 37. Kd4 Ke6 38. Kc5 Rc8 39. Re1 Ke7 40. Nxe4 dxe4
41. Rxe4+ Kd8 42. Rd4+ Kc7 43. Rxd3 Re8 44. Rd7+ Kc8 45. Rxg7 Re4 46. f5 1-0

[Event "Titled Tue 3rd Jun Early"]
[Site "chess.com INT"]
[Date "2025.06.03"]
[Round "3"]
[White "Novikova, Marharyta"]
[Black "Troltenier, Dirk"]
[Result "0-1"]
[WhiteTitle "WCM"]
[BlackTitle "FM"]
[WhiteElo "1969"]
[BlackElo "2174"]
[WhiteFideId "14109689"]
[BlackFideId "4606400"]
[EventDate "2025.06.03"]

1. e4 e5 2. Nf3 d6 3. d4 exd4 4. Nxd4 Nf6 5. Nc3 Be7 6. Bc4 O-O 7. O-O Re8 8. f3
c6 9. a4 Nbd7 10. Kh1 d5 11. exd5 Nb6 12. Bb3 Nbxd5 13. Nxd5 Nxd5 14. c4 Nc7 15.
Bf4 Ne6 16. Nxe6 Bxe6 17. Qc2 Qa5 18. Bd2 Qh5 19. Bf4 Rad8 20. Rad1 Qc5 21. Bg3
Bf6 22. Bf2 Qa5 23. Rxd8 Rxd8 24. Be1 Qh5 25. Bc3 Bxc3 26. Qxc3 c5 27. Qa5 Ra8
28. Rd1 Qg5 29. Qc7 h5 30. Qxb7 Re8 31. Qxa7 h4 32. Qc7 Qe3 33. Qc6 Rc8 34. Qb6
h3 35. Rd8+ Rxd8 36. Qxd8+ Kh7 37. Qh4+ Kg8 38. Qd8+ Kh7 39. Qh4+ Kg6 40. Qg3+
Kf6 41. Qh4+ g5 42. Qh6+ Ke7 0-1

[Event "Titled Tue 3rd Jun Early"]
[Site "chess.com INT"]
[Date "2025.06.03"]
[Round "3"]
[White "Sabarez, Iulian"]
[Black "Levano Loayza, Adriano Jaffet"]
[Result "1-0"]
[WhiteTitle "CM"]
[BlackTitle "CM"]
[WhiteElo "2023"]
[BlackElo "2049"]
[WhiteFideId "1251813"]
[BlackFideId "3865584"]
[EventDate "2025.06.03"]

1. Nf3 Nf6 2. c4 e6 3. Nc3 d5 4. e3 c5 5. cxd5 exd5 6. Be2 Nc6 7. d4 cxd4 8.
Nxd4 Bc5 9. O-O O-O 10. b3 Nxd4 11. exd4 Bd6 12. Bg5 h6 13. Bxf6 Qxf6 14. Nxd5
Qg5 15. Bf3 Be6 16. Ne3 Rfd8 17. d5 Bd7 18. Nc4 Bc5 19. Qd3 Bf5 20. Qd2 Qxd2 21.
Nxd2 a5 22. Rfd1 a4 23. Nc4 axb3 24. axb3 b5 25. Ne5 Rxa1 26. Rxa1 Bd4 27. Nc6
Bxa1 28. Nxd8 Kf8 29. Nb7 Ke7 30. Be2 b4 31. Bb5 Be5 32. g3 Be4 33. Bc4 g5 34.
d6+ Bxd6 35. Nxd6 Kxd6 36. Bxf7 Bd5 37. Bxd5 Kxd5 38. Kg2 g4 39. h3 h5 40. hxg4
hxg4 41. f3 Kd4 42. fxg4 Kc3 43. g5 Kxb3 44. g6 Kc2 45. g7 b3 46. g8=Q b2 47.
Qb8 1-0